ATEŞ HANIMIN ÇÖL DERSLERİ (Record no. 707527)

MARC details
000 -LEADER
sabit uzunluktaki kontrol alanı 00264nam a2200097Ia 4500
001 - KONTROL NUMARASI
kontrol alanı 707527
005 - EN SON İŞLEMİN TARİH VE ZAMANI
kontrol alanı 20250826162509.0
008 - SABİT-UZUNLUKTA VERİ ÖĞELERİ--GENEL BİLGİ
sabit uzunluktaki kontrol alanı 250824s9999 xx 000 0 und d
245 #0 - ESER / YAZAR
ESER ADI ATEŞ HANIMIN ÇÖL DERSLERİ
Yazar Adı VALERİE WİLDİNG
260 ## - YAYIN, DAĞITIM, VB.
YAYIN EVİ BEYAZ BALİNA YAYINLARI
Holdings
Düşüm durumu Kayıp durumu Hasar Durumu Ödünç verilmez Ana kütüphane Geçerli Kütüphane Edinilen tarih Toplam ödünç verme sayısı Barkod Son görüntüleme tarihi Fiyatın geçerli olmaya başladığı tarih Koha materyal türü
        CAHİT ZARİFOĞLU İLKOKULU CAHİT ZARİFOĞLU İLKOKULU 24.08.2025   1027563 26.08.2025 26.08.2025 Books